| 000 | 00660nam a2200205 a 4500 | ||
|---|---|---|---|
| 001 | 998 | ||
| 003 | CDMR | ||
| 005 | 20131202130002.0 | ||
| 008 | 130130s1985||||||||||||||||||||||||||||d | ||
| 020 | _a8471123029 | ||
| 040 |
_aCDMR _bcat _cCDMR |
||
| 100 | 1 |
_aMarks Greenfield, Patricia _9783 |
|
| 245 | 1 | 3 |
_aEl niño y los medios de comunicación _b: los efectos de la televisión, video-juegos y ordenadores _cPatricia MArks Greenfield |
| 260 |
_aMadrid _c1985 _bMorata |
||
| 300 | _a243 p. | ||
| 490 | 0 |
_aEl desarrollo del niño _v16 |
|
| 650 | 0 | 4 |
_93487 _aMitjans de comunicació de massa i infants |
| 650 | 0 | 4 |
_92782 _aTelevisió en l'ensenyament |
| 942 |
_cMON _2udc |
||
| 999 |
_c998 _d998 |
||